Catálogo
 En Linea

Determinantes sociales y concecuencias del aborto inducido en la República Dominicana / (Registro nro. 26994)

Detalles MARC
000 -CABECERA
campo de control de longitud fija 01476nam a2200253 a 4500
001 - NÚMERO DE CONTROL
campo de control 000027502
005 - FECHA Y HORA DE LA ÚLTIMA TRANSACCIÓN
campo de control 20240318114956.0
008 - DATOS DE LONGITUD FIJA--INFORMACIÓN GENERAL
campo de control de longitud fija 110401s1995 dr 000 0 spa d
020 ## - NÚMERO INTERNACIONAL ESTÁNDAR DEL LIBRO
Número Internacional Estándar del Libro 8460524922
040 ## - FUENTE DE LA CATALOGACIÓN
Centro catalogador/agencia de origen DO-SdBNP
Lengua de catalogación spa
Centro/agencia transcriptor BNPHU
082 ## - NÚMERO DE LA CLASIFICACIÓN DECIMAL DEWEY
Número de clasificación 304.66
Número de documento/Ítem P142d
100 1# - ENTRADA PRINCIPAL--NOMBRE DE PERSONA
Nombre de persona Paiewonsky, Denise
9 (RLIN) 2237
245 10 - MENCIÓN DE TÍTULO
Título Determinantes sociales y concecuencias del aborto inducido en la República Dominicana /
Mención de responsabilidad, etc. Denise Paiewonsky ; presentación Magaly Caram de Álvarez.
260 ## - PUBLICACIÓN, DISTRIBUCIÓN, ETC.
Lugar de publicación, distribución, etc. Santo Domingo :
Nombre del editor, distribuidor, etc. IEPD,
Fecha de publicación, distribución, etc. 1995.
300 ## - DESCRIPCIÓN FÍSICA
Extensión xvi, 252 p. ;
Dimensiones 21 cm.
500 ## - NOTA GENERAL
Nota general Incluye referencias bibliográficas y notas al pie de las páginas
505 0# - NOTA DE CONTENIDO CON FORMATO
Nota de contenido con formato Reconocimientos --
Título Presentación --
-- Introducción --
-- Aspectos metodológicos --
-- Característica generales de la muestra hospitalaria --
-- Anticoncepción y planificación familiar --
-- Experiencia del aborto --
-- Actitudes de las mujeres hacia el aborto --
-- Conclusión de la encuesta hospitalaria --
-- Las entrevistas a testigos calificados
-- Las entrevistas a mujer --
-- Analisis de las entrevistas a mujer --
-- El aborto
-- Conclusiones de la entrevistas en profundidad.
590 ## - NOTA LOCAL (RLIN)
Nota local Inventariado, 2018/VM
650 #4 - PUNTO DE ACCESO ADICIONAL DE MATERIA--TÉRMINO DE MATERIA
Término de materia o nombre geográfico como elemento de entrada Aborto
Subdivisión geográfica República Dominicana
9 (RLIN) 54585
650 #4 - PUNTO DE ACCESO ADICIONAL DE MATERIA--TÉRMINO DE MATERIA
Término de materia o nombre geográfico como elemento de entrada Planificación familiar
Subdivisión geográfica República Dominicana
9 (RLIN) 52270
700 1# - PUNTO DE ACCESO ADICIONAL--NOMBRE DE PERSONA
Nombre de persona Caram de Álvarez, Magaly,
Término indicativo de función/relación prest.
9 (RLIN) 54586
710 22 - PUNTO DE ACCESO ADICIONAL--NOMBRE DE ENTIDAD CORPORATIVA
Nombre de entidad corporativa o nombre de jurisdicción como elemento de entrada Instituto de Estudios de Población y Desarrollo (República Dominicana)
9 (RLIN) 70393
910 ## - DATOS DE OPCIÓN DEL USUARIO (OCLC)
Datos de opción del usuario Validado. Control de calidad MFF
Existencias
Estado de retiro Estado de pérdida No para préstamo Código de colección Localización permanente Ubicación/localización actual Ubicación en estantería Fecha de adquisición Número de inventario Total de préstamos Signatura topográfica completa Código de barras Fecha visto por última vez Precio válido a partir de Tipo de ítem Koha
    Excluido de préstamo Patrimonio Dominicano Patrimonio Dominicano Patrimonio Dominicano Depósito 01.04.2011 LF1   304.66 P142d 27502-10 25.06.2020 25.06.2020 Libro y Folleto Colección Patrimonio Dominicano

Con tecnología Koha